| 000 | 00469cam a2200193ua 4500 | ||
|---|---|---|---|
| 020 | _cRs 3.50 | ||
| 041 |
_ahin _h |
||
| 082 |
_a891.43 _bSCU/CH |
||
| 100 | _aSudharshanan, . | ||
| 245 |
_aChar kahaniyam / _cSudarshanan. _hTextual Documents |
||
| 250 |
_a1 / _b. |
||
| 260 |
_aMumbai : _bHindi Granth Sathkar Patvakar , _c1946. |
||
| 300 | _a140 ; . | ||
| 365 | _aRs 3.50 | ||
| 504 | _a | ||
| 942 | _cBK | ||
| 999 |
_c2420 _d2420 |
||